| 000 | 00441nam a2200145Ia 4500 | ||
|---|---|---|---|
| 008 | 180523s9999 xx 000 0 und d | ||
| 020 | _a9786218029170 | ||
| 100 | _aMillan, Zeus Vernon B. | ||
| 245 |
_cZeus Vernon B. Millan. _aIntermediate Accounting 3 / |
||
| 250 | _a2018 ed | ||
| 260 |
_aBaguio City : _bBandolin Enterprise _c2018 |
||
| 300 | _axii, 691 pages | ||
| 650 | _aAccounting-- Intermediate accounting. | ||
| 650 | _aAccounting. | ||
| 999 |
_c357906 _d357906 |
||